Energy Generation through Human-powered Lat Pull Down (Record no. 88645)

MARC details
000 -LEADER
fixed length control field 02703nam a22002777a 4500
005 - DATE AND TIME OF LATEST TRANSACTION
control field 20251104125157.0
008 - FIXED-LENGTH DATA ELEMENTS--GENERAL INFORMATION
fixed length control field 251030b ||||| |||| 00| 0 eng d
043 ## - GEOGRAPHIC AREA CODE
Geographic area code URS
245 ## - TITLE STATEMENT
Title Energy Generation through Human-powered Lat Pull Down
Remainder of title / Regalado, Jimuel V.... [et al.].
260 ## - PUBLICATION, DISTRIBUTION, ETC.
Date of publication, distribution, etc. December 2024
300 ## - PHYSICAL DESCRIPTION
Extent 86 leaves :
Dimensions 28 cm.
336 ## - CONTENT TYPE
Source rdacontent
Content type term text
337 ## - MEDIA TYPE
Source rdamedia
Media type term unmediated
338 ## - CARRIER TYPE
Source rdacarrier
Carrier type term volume
502 ## - DISSERTATION NOTE
Dissertation note Thesis
Degree type Bachelor of Science in Electrical Engineering
Name of granting institution University of Rizal System-Morong
Year degree granted 2024
520 ## - SUMMARY, ETC.
Summary, etc. This study focuses on the development of a sustainable energy generation system using a human-powered LAT pull-down mechanism. The system was designed to convert human motion into usable energy, integrating a solar charge controller and battery for continuous energy production. A series of materials such as metal bars, bike sprockets, and a magneto were utilized, replacing an initial alternator due to low RPM output. The system was tested and revised to address issues related to voltage stability, connectivity, and energy transfer. Through these revisions, stable power output was achieved, making the system a viable sustainable energy solution. The study aimed to assess the acceptability of the developed system in terms of functional stability, performance efficiency, usability, reliability, and maintainability. Respondents, consisting of 10 experts, evaluated the system using a survey instrument, which was validated by experts in the field. Findings showed that the system was strongly acceptable in all categories, with the highest ratings in maintainability with 4.73 mean and reliability with 3.85 mean. However, areas for improvement were identified in operational integrity and durability of components. Based on these findings, recommendations were made to enhance operational integrity, optimize energy conversion efficiency, improve durability through better materials, and establish clear maintenance protocols. The study supports the feasibility of human-powered energy generation systems and emphasizes the need for continual improvements based on user feedback and long-term performance evaluation.
700 ## - ADDED ENTRY--PERSONAL NAME
Personal name Regalado, Jimuel V.
Relator term author
700 ## - ADDED ENTRY--PERSONAL NAME
Personal name Cabarrubias, Don Jefferson C.
Relator term author
700 ## - ADDED ENTRY--PERSONAL NAME
Personal name Matienzo, Jann Vic B.
Relator term author
700 ## - ADDED ENTRY--PERSONAL NAME
Personal name Melgar, Ferdimar S.
Relator term author
700 ## - ADDED ENTRY--PERSONAL NAME
Personal name Paz, Paul Wilfred M.
Relator term author
700 ## - ADDED ENTRY--PERSONAL NAME
Personal name Herrera, John Neil B.
Relator term Degree Supervisor
856 ## - ELECTRONIC LOCATION AND ACCESS
Materials specified Online Request for Student Unpublished Works
Uniform Resource Identifier <a href="https://forms.gle/7LqvGGkaDrUQqz429">https://forms.gle/7LqvGGkaDrUQqz429</a>
856 ## - ELECTRONIC LOCATION AND ACCESS
Uniform Resource Identifier <a href="https://drive.google.com/file/d/1HfNtKZPMEQL0cFJkI2H4tqmw4pYrD7S7/view?usp=drive_link">https://drive.google.com/file/d/1HfNtKZPMEQL0cFJkI2H4tqmw4pYrD7S7/view?usp=drive_link</a>
942 ## - ADDED ENTRY ELEMENTS (KOHA)
Source of classification or shelving scheme Library of Congress Classification
Koha item type Theses and dissertations
Holdings
Withdrawn status Source of classification or shelving scheme Damaged status Not for loan Collection code Home library Current library Date acquired Total Checkouts Barcode Date last seen Price effective from Koha item type
  Library of Congress Classification     Reference Morong College Library Morong College Library 10/30/2025   URSMOR-CL-7084 10/30/2025 10/30/2025 Theses and dissertations

University of Rizal System
Email us at univlibservices@urs.edu.ph

Visit our Website www.urs.edu.ph/library